Hľadá sa protéza neviditeľnej ruky trhu

Finančná kríza, ktorá zasiahla nielen USA, ale aj Európu. Kapitalizmus potrebuje modernizáciu. Riešenie sa nezaobíde bez strát.

Gespeichert in:
Bibliographische Detailangaben
1. Verfasser: Bracjun, Anatolij
Format: Buchkapitel
Sprache:Slowakisch
Schlagworte:
Tags: Tag hinzufügen
Keine Tags, Fügen Sie das erste Tag hinzu!

MARC

LEADER 00000naa$a2200000$$$4500
001 0088960
005 20240502072008.1
041 0 |a slo 
044 |a SK 
245 1 0 |a Hľadá sa protéza neviditeľnej ruky trhu  |c Anatolij Bracjun 
520 |a Finančná kríza, ktorá zasiahla nielen USA, ale aj Európu. Kapitalizmus potrebuje modernizáciu. Riešenie sa nezaobíde bez strát. 
610 2 0 |a kríza finančná 
610 2 0 |a globalizácia 
610 2 0 |a hospodárstvo kapitalistické 
610 2 0 |a USA 
610 2 0 |a Európa 
100 1 |a Bracjun, Anatolij